[Event "MCR_CF10"]
[Site "?"]
[Date "2006.??.??"]
[Round "?"]
[White "Goc, Pavel"]
[Black "Sindelar, Frantisek"]
[Result "0-1"]
[WhiteElo "2106"]
[BlackElo "2008"]
[PlyCount "92"]
[EventDate "2006.??.??"]
[EventType "corr"]
[EventRounds "2"]
[SourceDate "2006.08.10"]

1. e4 e6 2. d4 d5 3. Nc3 Nf6 4. Bg5 dxe4 5. Nxe4 Nbd7 6. Nf3 h6 7. Nxf6+ Nxf6
8. Be3 Bd6 9. Qd3 O-O 10. O-O-O b6 11. Be2 Bb7 12. g4 Be4 13. Qc3 Nd5 14. Qb3
Nb4 15. c3 Bc2 16. Qc4 Bxd1 17. Rxd1 Nd5 18. h4 a6 19. g5 b5 20. Qb3 Bf4 21.
Bd2 Bxd2+ 22. Rxd2 Nf4 23. gxh6 Nxe2+ 24. Rxe2 gxh6 25. Re4 Qf6 26. Qd1 a5 27.
Ne5 Qxf2 28. Qg4+ Kh8 29. Qh5 Qf6 30. Ng4 Qg6 31. Qxg6 fxg6 32. Rxe6 Rae8 33.
Rxg6 Re2 34. Rf6 Rxf6 35. Nxf6 Kg7 36. Nd5 c6 37. Nf4 Re4 38. Nd3 Rxh4 39. Ne5
h5 40. Nxc6 Re4 41. d5 Kf6 42. Nxa5 h4 43. d6 Ke6 44. Nb7 Re5 45. Nd8+ Kd7 46.
Nf7 Rh5 0-1

[Event "MCR_CF10"]
[Site "?"]
[Date "2006.??.??"]
[Round "?"]
[White "Jurci, Peter"]
[Black "Mazal, Petr"]
[Result "1-0"]
[WhiteElo "2054"]
[BlackElo "2074"]
[PlyCount "71"]
[EventDate "2006.??.??"]
[EventType "corr"]
[EventRounds "2"]
[SourceDate "2006.08.10"]

1. d4 d5 2. c4 e6 3. Nc3 c6 4. Nf3 Nf6 5. e3 Nbd7 6. Bd3 dxc4 7. Bxc4 b5 8. Bd3
a6 9. e4 c5 10. d5 c4 11. dxe6 fxe6 12. Bc2 Qc7 13. O-O Bc5 14. Qe2 Ne5 15.
Nxe5 Qxe5 16. Kh1 O-O 17. f4 Qh5 18. Qxh5 Nxh5 19. e5 g5 20. Ne4 Be7 21. f5
exf5 22. Bxg5 Ra7 23. Be3 Rd7 24. Nd6 Bxd6 25. exd6 Rxd6 26. Bc5 Rd2 27. Bxf8
Rxc2 28. Bc5 Rxb2 29. Rae1 Ng7 30. Re7 Rxa2 31. Rd1 Ne6 32. Re8+ Kf7 33. Rxc8
Nxc5 34. Rxc5 Ke6 35. Kg1 f4 36. Rdd5 1-0

[Event "MCR_CF10"]
[Site "?"]
[Date "2006.??.??"]
[Round "?"]
[White "Mazal, Petr"]
[Black "Goc, Pavel"]
[Result "0-1"]
[WhiteElo "2074"]
[BlackElo "2106"]
[PlyCount "72"]
[EventDate "2006.??.??"]
[EventType "corr"]
[EventRounds "2"]
[SourceDate "2006.08.10"]

1. e4 e5 2. Nf3 Nc6 3. Bb5 a6 4. Ba4 Nf6 5. O-O Nxe4 6. d4 b5 7. Bb3 d5 8. dxe5
Be6 9. Nbd2 Nc5 10. c3 Nxb3 11. Nxb3 Be7 12. Nfd4 Nxd4 13. cxd4 O-O 14. Bd2 f6
15. Bf4 fxe5 16. Bxe5 c6 17. Rc1 Bd7 18. Nc5 Bxc5 19. Rxc5 Qh4 20. Qd2 Rf7 21.
f3 Re8 22. Re1 Rf6 23. Qf2 Qxf2+ 24. Kxf2 Rfe6 25. h3 Kf7 26. Re3 h5 27. h4 Kg6
28. b4 Kh6 29. Rc1 R6e7 30. g3 g6 31. Rce1 Kh7 32. a3 Bc8 33. Rc1 Bb7 34. Rc2
Kg8 35. Rcc3 Kf7 36. g4 Ba8 0-1

[Event "MCR_CF10"]
[Site "?"]
[Date "2006.??.??"]
[Round "?"]
[White "Jurci, Peter"]
[Black "Celbr, Rudolf"]
[Result "1/2-1/2"]
[WhiteElo "2054"]
[BlackElo "2090"]
[PlyCount "99"]
[EventDate "2006.??.??"]
[EventType "corr"]
[EventRounds "2"]
[SourceDate "2006.08.10"]

1. d4 Nf6 2. c4 e6 3. Nc3 Bb4 4. e3 O-O 5. Bd3 d5 6. Nf3 b6 7. O-O Bb7 8. cxd5
exd5 9. Ne5 Nbd7 10. f4 c5 11. Bd2 Re8 12. Nb5 Bxd2 13. Qxd2 Nf8 14. Rac1 Ne6
15. dxc5 Nxc5 16. b4 Nxd3 17. Qxd3 Ba6 18. Rfd1 Qe7 19. a3 Rac8 20. h3 Red8 21.
Kh2 Rxc1 22. Rxc1 Re8 23. Rc2 h6 24. g3 Kf8 25. Rc1 Rd8 26. Rc2 Kg8 27. Rc1 Ne4
28. a4 Qxb4 29. Nc6 Bxb5 30. axb5 Qb2+ 31. Rc2 Qb1 32. Nxd8 Nf2 33. Qxd5 Qxc2
34. Qg2 Qd2 35. Nc6 Qxe3 36. Nxa7 Ne4 37. Nc6 Nd2 38. Ne5 Kh7 39. h4 f6 40. Nc6
Nf3+ 41. Kh3 Qe6+ 42. g4 Ne1 43. Qf2 h5 44. Qg3 Kh6 45. f5 Qe4 46. gxh5 Qxf5+
47. Kh2 Qe4 48. Qg6+ Qxg6 49. hxg6 Kxg6 50. Nd8 1/2-1/2

[Event "MCR_CF10"]
[Site "?"]
[Date "2006.??.??"]
[Round "?"]
[White "Celbr, Rudolf"]
[Black "Jurci, Peter"]
[Result "1/2-1/2"]
[WhiteElo "2090"]
[BlackElo "2054"]
[PlyCount "96"]
[EventDate "2006.??.??"]
[EventType "corr"]
[EventRounds "2"]
[SourceDate "2006.08.10"]

1. c4 Nf6 2. Nc3 g6 3. d4 Bg7 4. e4 d6 5. Nf3 O-O 6. Be2 e5 7. O-O Nc6 8. d5
Ne7 9. Ne1 Nd7 10. Nd3 f5 11. Bd2 Nf6 12. f3 f4 13. c5 g5 14. cxd6 cxd6 15. Nf2
Ng6 16. Qc2 h5 17. h3 Rf7 18. Rfc1 g4 19. fxg4 hxg4 20. hxg4 Ne8 21. a4 Bf6 22.
Ra3 Bh4 23. Ncd1 Bg3 24. Nh3 Qh4 25. Ndf2 Nf6 26. Qd1 Bd7 27. a5 Raf8 28. Be1
f3 29. Bxf3 Nf4 30. Nh1 Nxe4 31. Nxg3 Nxg3 32. Nxf4 Qh1+ 33. Kf2 Qf1+ 34. Ke3
Qg1+ 35. Kd3 Rxf4 36. Kc2 Rd4 37. Rd3 Rc8+ 38. Bc3 Ba4+ 39. b3 Qf2+ 40. Kb1
Bxb3 41. Bb2 Bxd1 42. Rxc8+ Kg7 43. Bxd4 exd4 44. Rc7+ Kf6 45. Bxd1 Ke5 46.
Rxb7 Kxd5 47. Bb3+ Kc5 48. Rc7+ Kb5 1/2-1/2

[Event "MCR_CF10"]
[Site "?"]
[Date "2006.??.??"]
[Round "?"]
[White "Jurci, Peter"]
[Black "Goc, Pavel"]
[Result "1-0"]
[WhiteElo "2054"]
[BlackElo "2106"]
[PlyCount "103"]
[EventDate "2006.??.??"]
[EventType "corr"]
[EventRounds "2"]
[SourceDate "2006.08.10"]

1. d4 Nf6 2. c4 e6 3. Nc3 Bb4 4. e3 O-O 5. Nf3 d5 6. Bd3 c5 7. O-O Nc6 8. a3
Bxc3 9. bxc3 dxc4 10. Bxc4 Qc7 11. Ba2 e5 12. h3 e4 13. Nh2 Bf5 14. Ng4 Nxg4
15. hxg4 Bg6 16. a4 Rad8 17. Qe2 Rfe8 18. Ba3 b6 19. Bc4 Na5 20. Ba6 f6 21.
Rad1 Bf7 22. Bb5 Rf8 23. f4 Bb3 24. Rc1 Qf7 25. c4 Ra8 26. Ba6 Rfd8 27. dxc5
bxc5 28. Bxc5 Qe6 29. Bb5 a6 30. f5 Qf7 31. Bb6 Rdb8 32. Be8 Qxe8 33. Bxa5 Qxa4
34. Be1 Qc6 35. Bg3 Rd8 36. Rc3 Qa4 37. g5 Bd1 38. Qb2 Qc6 39. Rc1 Bh5 40. gxf6
gxf6 41. c5 Rd3 42. Bd6 Kg7 43. Rf4 Rxe3 44. Rh4 Re2 45. Qd4 Qe8 46. g4 Bf7 47.
g5 Qd8 48. Rh6 Qa5 49. Rxf6 Re1+ 50. Kf2 e3+ 51. Kf3 Kg8 52. Rxf7 1-0

[Event "MCR_CF10"]
[Site "?"]
[Date "2006.??.??"]
[Round "?"]
[White "Goc, Pavel"]
[Black "Jurci, Peter"]
[Result "1-0"]
[WhiteElo "2106"]
[BlackElo "2054"]
[PlyCount "113"]
[EventDate "2006.??.??"]
[EventType "corr"]
[EventRounds "2"]
[SourceDate "2006.08.10"]

1. e4 e6 2. d4 d5 3. Nc3 Bb4 4. e5 c5 5. a3 Bxc3+ 6. bxc3 Ne7 7. Qg4 O-O 8. Bd3
Nbc6 9. Qh5 Ng6 10. Nf3 Qe7 11. Be3 c4 12. Bxg6 fxg6 13. Qg4 Bd7 14. h4 Rf5 15.
h5 gxh5 16. Rxh5 Rxh5 17. Qxh5 Rf8 18. Kd2 Be8 19. Qh3 Rxf3 20. Qxf3 Bg6 21.
Rb1 Qd7 22. Rb2 Na5 23. Qd1 Be4 24. g3 b6 25. Qa1 Qa4 26. Qa2 Bf5 27. Rb4 Qe8
28. a4 Be4 29. Rb2 Qf8 30. Qa1 Bf3 31. Rb1 Be4 32. Rg1 Qf5 33. g4 Qg6 34. Qd1
Qf7 35. Rg3 Qd7 36. Qa1 Qe7 37. Qb2 Bg6 38. Qb4 Qd8 39. Qd6 Qxd6 40. exd6 Kf8
41. Bf4 Nc6 42. Re3 Be8 43. Rf3 Bd7 44. Bg5+ Ke8 45. Rh3 h6 46. Bf4 Kf7 47. Rf3
Kg8 48. g5 h5 49. g6 Nb8 50. Re3 a5 51. Bg5 Bxa4 52. Rxe6 Bd7 53. Re7 a4 54.
Rf7 Be8 55. Rb7 Nd7 56. Ra7 Nf8 57. Ra8 1-0